000 00694nam a22002055i 4500
001 178353
003 ES-MaACL
005 20260301183510.0
008 110525s1970 sp |||| | spa d
080 _a929 Alfonso XI, Rey de Castilla
245 0 0 _aAlfonso, XI
_b: el justiciero.
260 _aMadrid :
_bDelblan,
_cD. L. 1970.
300 _a16 p. ;
_c16 cm.
490 1 _aMosaico cultural. Los grandes capitanes ;
_v9
500 _aEncuadernado con otros tĂ­tulos.
600 0 7 _aAlfonso
_bXI,
_cRey de Castilla-
_vBiografĂ­as
_2
_9146726
830 0 _aMosaico cultural. Los grandes capitanes ;
_v9
_9190913
852 _aES-MaACL
_jE-15197 (9)
_xOlim P-1923
999 _c178353
_d178353